Rozvoj cestovného ruchu v stredisku cestovného ruchu so zameraním na vybrané špecifické problémy

Na minha lista:
Detalhes bibliográficos
Autor principal: Michálková, Anna, 1968-
Formato: Capítulo de Livro
Idioma:eslovaco
Tags: Adicionar Tag
Sem tags, seja o primeiro a adicionar uma tag!

MARC

LEADER 00000naa$a2200000$$$4500
001 0123978
005 20240502072411.1
041 0 |a slo 
044 |a SK 
245 1 0 |a Rozvoj cestovného ruchu v stredisku cestovného ruchu so zameraním na vybrané špecifické problémy  |c Anna Michálková 
100 1 |a Michálková, Anna, 1968-